[Event "Wch FIDE Online U10 Asia qual"]
[Site "Tornelo INT"]
[Date "2020.12.12"]
[Round "4"]
[White "Nurgaliyev, Sauat"]
[Black "Yen, Gideon"]
[Result "1-0"]
[WhiteElo "1873"]
[BlackElo "1307"]
[PlyCount "65"]
[EventDate "2020.12.11"]
[EventType "swiss (rapid)"]
[EventRounds "7"]
[EventCountry "ISS"]
[SourceTitle "EXT 2022"]
[Source "ChessBase"]
[SourceDate "2021.10.06"]
[SourceVersion "1"]
[SourceVersionDate "2021.10.06"]
[SourceQuality "1"]

1. e4 c6 2. d4 d5 3. Nd2 dxe4 4. Nxe4 Nd7 5. Nf3 Ngf6 6. Ng3 e6 7. Bd3 Be7 8. c3 0-0 9. 0-0 Qc7 10. Re1 b6 11. Bg5 Bb7 12. Qd2 Nd5 13. Bxe7 Nxe7 14. h4 c5 15. Ng5 h6 16. Nh3 Nf6 17. Nf4 Qc6 18. f3 Ned5 19. Nfh5 cxd4 20. cxd4 Qd6 21. Ne4 Nxe4 22. Rxe4 f5 23. Re2 Nf6 24. Qf4 Qd7 25. Nxf6+ Rxf6 26. Rae1 Bd5 27. Rc2 Rff8 28. Rc7 Qe8 29. Qg3 Rf7 30. Rec1 Rd8 31. Kh1 Rxc7 32. Rxc7 Rd7 33. Bb5 1-0